LEADER 01003nam a2200241 i 4500 001 000000216316 003 CaOOAMICUS 005 20250313170051.0 008 121011s1931 it u000 u ita u 013 $a195205 040 $aSeMil$bita 100 1 $aTagliabue, Mario.$0(OLS)http://semarc/name/67566 245 10$aSeminari milanesi in terra bergamasca /$cMario Tagliabue. 260 $aMilano :$bTipografia S. Lega Eucaristica,$c1931. 300 $a74 p. . ill. ;$c29 cm. 500 $aEstr. da: Humilitas, 1931. 650 4$aBergamo - Storia ecclesiastica.$0(OLS)http://semarc/subject/44749 650 4$aMilano (Arcidiocesi) - Seminari - Storia.$0(OLS)http://semarc/subject/437 850 $aSeMil 852 $aSeMil$W1$xVenegono$y1$m3F VI 169$j264589$B166735$CSeMilBibl$Z2$F177585 $81 996 $6245$aSeminari milanesi in terra bergamasca$9(OLS)http://semarc/title/311109 996 $6260$aMilano :$bTipografia S. Lega Eucaristica$9(OLS)http://semarc/publisher/38452 LEADER 00939nam a2200241 i 4500 001 000000120156 003 CaOOAMICUS 005 20050804000000.0 008 050804s1975 it u000 u ita u 013 $a92850 040 $aSeMil$bita 245 10$aPietro Longhi dal disegno alla pittura /$ca cura di Terisio Pignatti. 260 $aVenezia :$bAlfieri,$ccopyr. 1975. 300 $a1 v. :$briccamente ill. ;$c25 cm. 500 $aContiene : Cenno bibliografico. - Fondo Ciprandi. 650 4$aLonghi, Pietro.$0(OLS)http://semarc/subject/11889 700 1 $aPignatti, Terisio.$0(OLS)http://semarc/name/4850 850 $aSeMil 852 $aSeMil$W1$xVenegono$y1$m5P XVI 24$j75361$B75361$CSeMilBibl$Z2$F101308 $81 941 1 $a1 961 $aOmaggio: Ciprandi dott. Paolo 996 $6245$aPietro Longhi dal disegno alla pittura$9(OLS)http://semarc/title/176787 996 $6260$aVenezia :$bAlfieri$9(OLS)http://semarc/publisher/41776